000 00691 a2200169 4500
999 _c10601
_d10601
020 _a9780745300351
050 _aGN645. FAN 1991
100 _aFanon, Frantz
_d 1925-1961
_eauthor
245 _aBlack skin, white masks /
_cFrantz Fanon; translated by Charles Lam Markmann
264 _aLondon:
_bPluto place.,
_c1991
300 _axxvi., 232 pages; 21 cm.
440 _aPeau noire, masques blancs.
500 _a
650 _a Black race
_x Social conditions, Psychology and Race relations.
700 _a Markmann, Charles Lam
_etranslator
942 _2lcc
_cBK
_h645
_iFAN
_kGN